| 000 | 00974nam a22003137a 4500 | ||
|---|---|---|---|
| 003 | CHAP | ||
| 005 | 20220329143604.0 | ||
| 008 | 100728s1973 mx a r 00010 spa d | ||
| 010 | _a98936 | ||
| 011 | _a99908 | ||
| 020 | _a0960070419 | ||
| 035 | _a110594 | ||
| 040 | _cCHAP | ||
| 082 | 0 | 4 |
_a633.79 _bM33 |
| 245 | 0 | 0 |
_aMarijuana : _bmedical papers 1839-1972 _c/editado por Tod H. Mikuriya |
| 260 |
_aOakland, Cal.: _bMedi-Comp, _c1973 |
||
| 300 |
_a465 p. : _bilus., gráfs., tablas |
||
| 590 |
_aBATCH-UPD _b10 _c20130110 _lUCH01 _h1137 |
||
| 590 |
_aBATCH-UPD _b10 _c20130410 _lUCH01 _h0724 |
||
| 590 |
_aBATCH-UPD _b10 _c20130914 _lUCH01 _h0743 |
||
| 590 |
_aCONVERSION _b10 _c20130109 _lUCH01 _h1355 |
||
| 650 | 1 | 4 |
_aBotánica médica. _914680 |
| 650 | 1 | 4 |
_aFarmacología. _939762 |
| 650 | 1 | 4 |
_aMarihuana. _971370 |
| 700 | 1 |
_aMikuriya, Tod H. _e, ed. _975698 |
|
| 901 | _aBK | ||
| 942 | _cLIBRO | ||
| 949 |
_a633.79 M33 _bBC _cLIBRO _d33724002172363 _eLIBRO _h113024 _i110594 _si |
||
| 999 |
_c98936 _d98936 |
||